000 00358nam a2200133Ia 4500
008 100328s9999 xx 000 0 und d
082 _b21780
100 _aनंागरे बलराम
245 _aफुलवंती
260 _bग.रा.पाठक
630 _aफुलवंती
730 _aफुलवंती
942 _cBOOK
999 _c515762
_d515759